<?xml version="1.0" encoding="UTF-8"?><marc:collection xmlns:marc="http://www.loc.gov/MARC21/slim">
  <marc:record>
    <marc:leader>01475nam#a2200373#cb4500</marc:leader>
    <marc:controlfield tag="001">990002806240203331</marc:controlfield>
    <marc:controlfield tag="003">AT-OBV</marc:controlfield>
    <marc:controlfield tag="005">20240201180642.0</marc:controlfield>
    <marc:controlfield tag="007">tu</marc:controlfield>
    <marc:controlfield tag="008">961108|1981####|||###########|||#|#fre#c</marc:controlfield>
    <marc:controlfield tag="009">AC01705204</marc:controlfield>
    <marc:datafield tag="035" ind1=" " ind2=" ">
      <marc:subfield code="a">(AT-OBV)AC01705204</marc:subfield>
    </marc:datafield>
    <marc:datafield tag="035" ind1=" " ind2=" ">
      <marc:subfield code="a">AC01705204</marc:subfield>
    </marc:datafield>
    <marc:datafield tag="035" ind1=" " ind2=" ">
      <marc:subfield code="a">(Aleph)000280624ACC01</marc:subfield>
    </marc:datafield>
    <marc:datafield tag="035" ind1=" " ind2=" ">
      <marc:subfield code="a">(DE-599)OBVAC01705204</marc:subfield>
    </marc:datafield>
    <marc:datafield tag="040" ind1=" " ind2=" ">
      <marc:subfield code="a">RET</marc:subfield>
      <marc:subfield code="b">ger</marc:subfield>
      <marc:subfield code="d">UBW</marc:subfield>
      <marc:subfield code="e">rakwb</marc:subfield>
    </marc:datafield>
    <marc:datafield tag="041" ind1=" " ind2=" ">
      <marc:subfield code="a">fre</marc:subfield>
    </marc:datafield>
    <marc:datafield tag="044" ind1=" " ind2=" ">
      <marc:subfield code="c">XA-FR</marc:subfield>
    </marc:datafield>
    <marc:datafield tag="100" ind1="1" ind2=" ">
      <marc:subfield code="a">Dumas, Alexandre</marc:subfield>
      <marc:subfield code="d">1824-1895</marc:subfield>
      <marc:subfield code="0">(DE-588)11852805X</marc:subfield>
      <marc:subfield code="4">aut</marc:subfield>
    </marc:datafield>
    <marc:datafield tag="245" ind1="1" ind2="0">
      <marc:subfield code="a">&lt;&lt;La&gt;&gt; dame aux camélias</marc:subfield>
      <marc:subfield code="b">le roman, le drame, "La Traviata"</marc:subfield>
      <marc:subfield code="c">Alexandre Dumas fils. Chronologie, introd., bibliogr., notices par Hans-Jörg Neuschäfer et Gilbert Sigaux</marc:subfield>
    </marc:datafield>
    <marc:datafield tag="264" ind1=" " ind2="1">
      <marc:subfield code="a">Paris</marc:subfield>
      <marc:subfield code="b">Flammarion</marc:subfield>
      <marc:subfield code="c">1981</marc:subfield>
    </marc:datafield>
    <marc:datafield tag="300" ind1=" " ind2=" ">
      <marc:subfield code="a">540 S.</marc:subfield>
    </marc:datafield>
    <marc:datafield tag="490" ind1="0" ind2=" ">
      <marc:subfield code="a">GF</marc:subfield>
      <marc:subfield code="v">381</marc:subfield>
    </marc:datafield>
    <marc:datafield tag="500" ind1=" " ind2=" ">
      <marc:subfield code="a">Zusatz auf d. Umschlag: Roman, théâtre, livret</marc:subfield>
    </marc:datafield>
    <marc:datafield tag="500" ind1=" " ind2=" ">
      <marc:subfield code="a">Literaturverz. S. [45] - 48</marc:subfield>
    </marc:datafield>
    <marc:datafield tag="505" ind1="8" ind2=" ">
      <marc:subfield code="a">Enth. außerdem: Violetta (La Traviata) / Musique de G. Verdi. [Texte de Francesco Maria Piave]. Trad. française d'Édouard Duprez.</marc:subfield>
    </marc:datafield>
    <marc:datafield tag="700" ind1="1" ind2=" ">
      <marc:subfield code="a">Neuschäfer, Hans-Jörg</marc:subfield>
      <marc:subfield code="d">1933-</marc:subfield>
      <marc:subfield code="0">(DE-588)130230170</marc:subfield>
      <marc:subfield code="4">edt</marc:subfield>
    </marc:datafield>
    <marc:datafield tag="700" ind1="1" ind2=" ">
      <marc:subfield code="a">Piave, Francesco Maria</marc:subfield>
      <marc:subfield code="d">1810-1876</marc:subfield>
      <marc:subfield code="0">(DE-588)119110369</marc:subfield>
      <marc:subfield code="4">aut</marc:subfield>
    </marc:datafield>
    <marc:datafield tag="700" ind1="1" ind2="2">
      <marc:subfield code="a">Piave, Francesco Maria</marc:subfield>
      <marc:subfield code="d">1810-1876</marc:subfield>
      <marc:subfield code="t">&lt;&lt;La&gt;&gt; Traviata &lt;franz.&gt;</marc:subfield>
    </marc:datafield>
    <marc:datafield tag="700" ind1="1" ind2=" ">
      <marc:subfield code="a">Duprez, Édouard</marc:subfield>
      <marc:subfield code="4">aut</marc:subfield>
    </marc:datafield>
    <marc:datafield tag="700" ind1="1" ind2="2">
      <marc:subfield code="a">Duprez, Édouard</marc:subfield>
      <marc:subfield code="t">Violetta (La Traviata)</marc:subfield>
    </marc:datafield>
    <marc:datafield tag="700" ind1="1" ind2=" ">
      <marc:subfield code="a">Verdi, Giuseppe</marc:subfield>
      <marc:subfield code="d">1813-1901</marc:subfield>
      <marc:subfield code="0">(DE-588)118626523</marc:subfield>
      <marc:subfield code="4">aut</marc:subfield>
    </marc:datafield>
    <marc:datafield tag="700" ind1="1" ind2="2">
      <marc:subfield code="a">Verdi, Giuseppe</marc:subfield>
      <marc:subfield code="d">1813-1901</marc:subfield>
      <marc:subfield code="t">&lt;&lt;La&gt;&gt; Traviata</marc:subfield>
    </marc:datafield>
    <marc:datafield tag="830" ind1=" " ind2="0">
      <marc:subfield code="v">381</marc:subfield>
    </marc:datafield>
  </marc:record>
</marc:collection>
